Bilecik Bilecik Bilecik Bilecik Bilecik

Kamu kurum ve kuruluşlarında mesleğe giriş rehberi : (Record no. 19639)

MARC details
000 -BAŞLIK
Sabit Uzunluktaki Kontrol Alanı 01019nam a22003017a 4500
001 - KONTROL NUMARASI
Control Dosyası 0019682
003 - KONTROL NUMARASI KİMLİĞİ
Kontrol Alanı KOHA_MİRAKIL
005 - EN SON İŞLEM TARİHİ ve ZAMANI
Kontrol Alanı 20260207002241.0
007 - FİZİKSEL TANIM SABİT ALAN - GENEL BİLGİ
Sabit uzunluklu kontrol alanı ta
008 - SABİT UZUNLUKTAKİ VERİ ÖGELERİ - GENEL BİLGİ
Sabit Alan 100714b1985 tu a|||gr||||#||||0|tur |
020 ## - ISBN - ULUSLARARASI STANDART KİTAP NUMARASI
Kullanılabilirlik koşulları 0,01
040 ## - KATALOGLAMA KAYNAĞI
Özgün Kataloglama Kurumu TR-BiSEU
Kataloglama Dili tur
Çeviri Kurumu TR-BiSEU
Açıklama Kuralları rda
041 0# - DİL KODU
Metin ya da ses kaydının dil kodu tur
044 ## - YAYINLAYAN/ÜRETEN KURULUŞUN ÜLKE KODU
ISO country code tu
050 ## - SINIFLAMA ve YER NUMARASI
Sınıflama Numarası JQ1805
Yer Numarası .C67 1985
100 1# - KİŞİ ADI
Yazar Adı (Kişi adı) Çörtoğlu, İ. Sahir.
245 1# - ESER ADI BİLDİRİMİ
Başlık Kamu kurum ve kuruluşlarında mesleğe giriş rehberi :
Alt Eseradı vb. (teknik, sağlık ve yardımcı hizmetler sınıfı dışında)/
Sorumluluk Bildirimi İ. Sahir Çörtoğlu ; İ. Sahir Çörtoğlu.
264 #1 - ÜRERİM, YAYIN, DAĞITIM ve TELİF BİLDİRİMİ
Yayın yeri Ankara :
Yayınlayan Gazi Üniversitesi
Yayın tarihi 1985
300 ## - FİZİKSEL TANIMLAMA
Sayfa, Cilt vb. viii, 394 sayfa :
Diğer fiziki detaylar tbl. ;
Boyutları 24 cm.
336 ## - İÇERİK TÜRÜ
Content type term metin
Content type code txt
Source rdacontent
337 ## - MEDYA TÜRÜ
Media type term aracısız
Media type code n
Source rdamedia
338 ## - TAŞIYICI TÜRÜ
Carrier type term cilt
Carrier type code nc
Source rdacarrier
650 #0 - KONU BAŞLIĞI EK GİRİŞ - KONU TERİMİ
Konusal terim veya coğrafi ad Public administration--Turkey.
9 (RLIN) 7810
650 #0 - KONU BAŞLIĞI EK GİRİŞ - KONU TERİMİ
Konusal terim veya coğrafi ad Public institutions--Turkey.
9 (RLIN) 43925
650 #0 - KONU BAŞLIĞI EK GİRİŞ - KONU TERİMİ
Konusal terim veya coğrafi ad Kamu yönetimi--Türkiye.
9 (RLIN) 7809
650 #0 - KONU BAŞLIĞI EK GİRİŞ - KONU TERİMİ
Konusal terim veya coğrafi ad Kamu kuruluşları--Türkiye.
9 (RLIN) 43926
942 ## - EK GİRİŞ ÖGELERİ (KOHA)
Source of classification or shelving scheme Library of Congress Classification
Koha item type Book
Holdings
Materyal Türü Kalıcı Konum Mevcut Konum Sınıflandırma Kaynağı Edinim Bilgisi Ana Konular Alt Konular Yer Numarası Cilt Bilgisi Demirbaş Numarası Fatura Tarihi Geri Çekilme Durumu Kayıp Durumu Hasarlı Durumu Kredi için değil Kayıt Tarih Toplam Ödünçverme Son Görülme Tarihi Son Kontrol Tarihi Genel / Bağış Notu
Book BŞEÜ Gölpazarı MYO Kütüphanesi BŞEÜ Gölpazarı MYO Kütüphanesi Library of Congress Classification Bağış SİYASET BİLİMİ Siyasi Kurumlar ve Kamu Yönetimi (Asya, Afrika, Okyanusya vb.) JQ1805 .C67 1985 c.1 0019682 02/02/2026         14/07/2010   05/12/2024 05/12/2024 Genel Bağış